000 01498cam a22003737a 4500
003 CHAP
005 20220329142606.0
008 020227d2001 mx abd r 00110 spa d
010 _a85406
011 _a86378
035 _a96916
040 _cCHAP
090 _aTesis
100 0 0 _aPulido Secundino, Juan.
_992982
245 1 3 _aEl sistema productivo tradicional de una comunidad indígena:
_bel caso de Nuevo San Juan Parangaricutiro, Michoacán
_c/por Juan Pulido Secundino
260 _aChapingo, Méx. :
_bEl autor,
_c2001.
300 _a187 h. :
_bilus. ; gráfs. ; mapas ; cuadros ; diagramas
502 _aTesis (M. C. en Conservación y Manejo de Recursos Naturales) -- Universidad Michoacana de San Nicolás de Hidalgo. División de Ciencias y Humanidades
590 _aALEPH
_b10
_c20130110
_lUCH01
_h1446
590 _aBATCH-UPD
_b10
_c20130110
_lUCH01
_h0656
590 _aBATCH-UPD
_b10
_c20130410
_lUCH01
_h0341
590 _aBATCH-UPD
_b10
_c20130914
_lUCH01
_h0008
590 _aCONVERSION
_b10
_c20130109
_lUCH01
_h1347
650 1 4 _aAgricultura
_xMichoacán.
_91743
650 1 4 _aIndios de Michoacán.
_957618
650 1 4 _aModo de producción.
_976441
650 1 4 _aSistemas agrosilvopascícolas.
_9106737
650 1 4 _aSistemas de producción.
_9106767
901 _aBK
905 _aMarco A. Mendoza T.
942 _cFOLL
949 _aTesis
_bBC
_cTES
_d33724000860946
_eTS2
_fc.2
_gDonaciØn
_h39337
_i96916
_sb
949 _aTesis
_bBC
_cTES
_d969161
_eTS1
_gDonaciØn
_h39336
_i96916
_sb
999 _c85406
_d85406